[Event "Titled Tuesday intern op 01st Aug Late"]
[Site "Chess.com INT"]
[Date "2023.08.01"]
[Round "7"]
[White "Sanhueza, Cristian"]
[Black "Elissalt Cardenas, Hector"]
[Result "1/2-1/2"]
[WhiteElo "2215"]
[BlackElo "2329"]
[PlyCount "65"]
[EventDate "2023.08.01"]
[EventType "swiss (blitz)"]
[EventRounds "11"]
[EventCountry "USA"]
[SourceTitle "EXT 2024"]
[Source "ChessBase"]
[SourceDate "2023.10.10"]
[SourceVersion "1"]
[SourceVersionDate "2023.10.10"]
[SourceQuality "1"]

1. d4 d5 2. Bf4 Nf6 3. e3 e6 4. Nf3 Bd6 5. c3 b6 6. Nbd2 Bb7 7. Bd3 Ne4 8. Ne5 Nxd2 9. Qxd2 Nd7 10. Bb5 Bxe5 11. dxe5 c6 12. Bd3 Qc7 13. 0-0 Nxe5 14. c4 f6 15. cxd5 exd5 16. e4 0-0-0 17. Qe2 g5 18. Bg3 h5 19. h3 h4 20. Bh2 Qd6 21. exd5 Qxd5 22. Bf5+ Kb8 23. Rfe1 Rhe8 24. Rad1 Qc5 25. Rxd8+ Rxd8 26. Bxe5+ fxe5 27. Qxe5+ Qxe5 28. Rxe5 Rd2 29. Re8+ Kc7 30. Re7+ Kb8 31. Re8+ Kc7 32. Re7+ Kb8 33. Re8+ 1/2-1/2

[Event "Titled Tuesday intern op 02nd May Late"]
[Site "Chess.com INT"]
[Date "2023.05.02"]
[Round "4"]
[White "Dobrijevic, Milan"]
[Black "Elissalt Cardenas, Hector"]
[Result "1/2-1/2"]
[WhiteElo "2208"]
[BlackElo "2324"]
[PlyCount "81"]
[EventDate "2023.05.02"]
[EventType "swiss (blitz)"]
[EventRounds "11"]
[EventCountry "USA"]
[SourceTitle "EXT 2024"]
[Source "ChessBase"]
[SourceDate "2023.10.10"]
[SourceVersion "1"]
[SourceVersionDate "2023.10.10"]
[SourceQuality "1"]

1. e4 d6 2. d4 Nf6 3. Nc3 c6 4. g3 e5 5. dxe5 dxe5 6. Qxd8+ Kxd8 7. Bg2 Kc7 8. Nge2 h5 9. Bg5 Be7 10. 0-0-0 Nbd7 11. h3 b6 12. f4 Ng8 13. Bxe7 Nxe7 14. Rd2 Ba6 15. Rhd1 Rad8 16. Bf3 g6 17. b3 f6 18. Kb2 h4 19. g4 g5 20. f5 Nc5 21. Rxd8 Rxd8 22. Rxd8 Kxd8 23. b4 Nb7 24. Nd1 Nd6 25. Ne3 Bxe2 26. Bxe2 Nxe4 27. c4 c5 28. a3 Kc7 29. Bf3 Nd6 30. Kc3 a6 31. Bd5 Nc6 32. Bxc6 Kxc6 33. Kd3 b5 34. cxb5+ Kxb5 35. Nd5 c4+ 36. Ke3 Ne8 37. Nc3+ Kc6 38. Ne4 Kb5 39. Nc3+ Kc6 40. Ne4 Kb5 41. Nc3+ 1/2-1/2

[Event "Titled Tuesday intern op 02nd May Early"]
[Site "Chess.com INT"]
[Date "2023.05.02"]
[Round "8"]
[White "Elissalt Cardenas, Hector"]
[Black "Kiseljova, Marya"]
[Result "0-1"]
[WhiteElo "2324"]
[BlackElo "2031"]
[PlyCount "74"]
[EventDate "2023.05.02"]
[EventType "swiss (blitz)"]
[EventRounds "11"]
[EventCountry "USA"]
[SourceTitle "EXT 2024"]
[Source "ChessBase"]
[SourceDate "2023.10.10"]
[SourceVersion "1"]
[SourceVersionDate "2023.10.10"]
[SourceQuality "1"]

1. c4 e5 2. Nc3 Bb4 3. Nd5 Bc5 4. e3 Nf6 5. Nf3 Nxd5 6. cxd5 d6 7. d3 0-0 8. Be2 Bf5 9. 0-0 Nd7 10. d4 Bb6 11. dxe5 dxe5 12. Qd2 Re8 13. Rd1 Nf6 14. Bb5 Bd7 15. Bc4 Ne4 16. b3 Nxd2 17. Rxd2 Ba5 18. Rd1 e4 19. Nd4 Bc3 20. Rb1 Bxd4 21. Rxd4 b5 22. Be2 Qg5 23. Ba3 Bh3 24. g3 a6 25. Rc1 Rac8 26. Bb4 Red8 27. Rcd1 Bg4 28. Bxg4 Qxg4 29. R1d2 h5 30. h4 Rd7 31. Rc2 Rcd8 32. d6 cxd6 33. Rd5 Qe6 34. Rcd2 Rc8 35. Kg2 Rc1 36. Rg5 f6 37. Rxh5 Qg4 0-1